000 00649nam a2200229 i 4500
001 146967
003 ES-MaACL
005 20230906201742.0
007 t|
008 070920s1970 sp ||||1| spa d
080 _a271-055.2
100 1 _aTuininga, Marlène.
_9111662
245 1 4 _aLas religiosas /
_cMarlène Tuininga ; [versión... de María Colom].
260 _a[Barcelona] :
_bHerder,
_c[1970]
300 _a199 p. ;
_c20 cm.
490 1 _aControversia ;
_v6
650 1 4 _aReligiosas.
_916826
700 1 _aColom, María.
_939790
830 1 _aControversia ;
_v6
_9181621
852 _aES-MaACL
_jC-48074
999 _c146967
_d146967